<?xml version="1.0" encoding="UTF-8"?>
<record
    xmlns:xsi="http://www.w3.org/2001/XMLSchema-instance"
    xsi:schemaLocation="http://www.loc.gov/MARC21/slim http://www.loc.gov/standards/marcxml/schema/MARC21slim.xsd"
    xmlns="http://www.loc.gov/MARC21/slim">

  <leader>00584nam a22001577a 4500</leader>
  <controlfield tag="003">OSt</controlfield>
  <controlfield tag="005">20151130152338.0</controlfield>
  <controlfield tag="008">151130b        xxu||||| |||| 00| 0 eng d</controlfield>
  <datafield tag="040" ind1=" " ind2=" ">
    <subfield code="c">RUA</subfield>
  </datafield>
  <datafield tag="082" ind1=" " ind2=" ">
    <subfield code="a">FIS SOK 1999 B169 Or.1</subfield>
  </datafield>
  <datafield tag="100" ind1=" " ind2=" ">
    <subfield code="9">4039</subfield>
    <subfield code="a">SOK, PISETH.</subfield>
  </datafield>
  <datafield tag="245" ind1=" " ind2=" ">
    <subfield code="a">Trap pond mapping in svayrieng province, &#x1780;&#x17B6;&#x179A;&#x1792;&#x17D2;&#x179C;&#x17BE;&#x1795;&#x17C2;&#x1793;&#x1791;&#x17B8;&#x1780;&#x17C6;&#x178E;&#x178F;&#x17CB;&#x178F;&#x17C6;&#x1794;&#x1793;&#x17CB;&#x179F;&#x17C6;&#x1794;&#x17BC;&#x179A;&#x178F;&#x17D2;&#x179A;&#x17B8; &#x1793;&#x17B7;&#x1784;&#x1781;&#x17D2;&#x179F;&#x178F;&#x17CB;&#x178F;&#x17D2;&#x179A;&#x17B8;&#x1780;&#x17D2;&#x1793;&#x17BB;&#x1784;&#x1781;&#x17C1;&#x178F;&#x17D2;&#x178F;&#x179F;&#x17D2;&#x179C;&#x17B6;&#x1799;&#x179A;&#x17C0;&#x1784;</subfield>
  </datafield>
  <datafield tag="260" ind1=" " ind2=" ">
    <subfield code="a">Phnom Penh</subfield>
    <subfield code="b">RUA</subfield>
    <subfield code="c">1999</subfield>
  </datafield>
  <datafield tag="300" ind1=" " ind2=" ">
    <subfield code="a">54p.</subfield>
    <subfield code="b">ill.</subfield>
    <subfield code="c">29cm.</subfield>
  </datafield>
  <datafield tag="942" ind1=" " ind2=" ">
    <subfield code="2">ddc</subfield>
    <subfield code="c">FIS</subfield>
  </datafield>
  <datafield tag="999" ind1=" " ind2=" ">
    <subfield code="c">3759</subfield>
    <subfield code="d">3759</subfield>
  </datafield>
  <datafield tag="952" ind1=" " ind2=" ">
    <subfield code="0">0</subfield>
    <subfield code="1">0</subfield>
    <subfield code="2">ddc</subfield>
    <subfield code="4">0</subfield>
    <subfield code="6">FIS_SOK_1999_000000000000000_B169_OR_1</subfield>
    <subfield code="7">0</subfield>
    <subfield code="9">18884</subfield>
    <subfield code="a">LBB</subfield>
    <subfield code="b">LBB</subfield>
    <subfield code="c">B169</subfield>
    <subfield code="d">2015-11-30</subfield>
    <subfield code="o">FIS SOK 1999 B169 Or.1</subfield>
    <subfield code="p">RUA025535</subfield>
    <subfield code="r">2015-11-30</subfield>
    <subfield code="w">2015-11-30</subfield>
    <subfield code="y">FIS</subfield>
  </datafield>
  <datafield tag="952" ind1=" " ind2=" ">
    <subfield code="0">0</subfield>
    <subfield code="1">0</subfield>
    <subfield code="2">ddc</subfield>
    <subfield code="4">0</subfield>
    <subfield code="6">FIS_SOK_1999_000000000000000_B169_OR_2</subfield>
    <subfield code="7">0</subfield>
    <subfield code="9">18885</subfield>
    <subfield code="a">LBB</subfield>
    <subfield code="b">LBB</subfield>
    <subfield code="c">B169</subfield>
    <subfield code="d">2015-11-30</subfield>
    <subfield code="o">FIS SOK 1999 B169 Or.2</subfield>
    <subfield code="p">RUA025608</subfield>
    <subfield code="r">2015-11-30</subfield>
    <subfield code="w">2015-11-30</subfield>
    <subfield code="y">FIS</subfield>
  </datafield>
  <datafield tag="952" ind1=" " ind2=" ">
    <subfield code="0">0</subfield>
    <subfield code="1">0</subfield>
    <subfield code="2">ddc</subfield>
    <subfield code="4">0</subfield>
    <subfield code="6">FIS_SOK_1999_000000000000000_B169_OR_3</subfield>
    <subfield code="7">0</subfield>
    <subfield code="9">18886</subfield>
    <subfield code="a">LBB</subfield>
    <subfield code="b">LBB</subfield>
    <subfield code="c">B169</subfield>
    <subfield code="d">2015-11-30</subfield>
    <subfield code="o">FIS SOK 1999 B169 Or.3</subfield>
    <subfield code="p">RUA025962</subfield>
    <subfield code="r">2015-11-30</subfield>
    <subfield code="w">2015-11-30</subfield>
    <subfield code="y">FIS</subfield>
  </datafield>
  <datafield tag="952" ind1=" " ind2=" ">
    <subfield code="0">0</subfield>
    <subfield code="1">0</subfield>
    <subfield code="2">ddc</subfield>
    <subfield code="4">0</subfield>
    <subfield code="6">FIS_SOK_1999_000000000000000_B169_OR_4</subfield>
    <subfield code="7">0</subfield>
    <subfield code="9">18887</subfield>
    <subfield code="a">LBB</subfield>
    <subfield code="b">LBB</subfield>
    <subfield code="c">B169</subfield>
    <subfield code="d">2015-11-30</subfield>
    <subfield code="o">FIS SOK 1999 B169 Or.4</subfield>
    <subfield code="p">RUA025890</subfield>
    <subfield code="r">2015-11-30</subfield>
    <subfield code="w">2015-11-30</subfield>
    <subfield code="y">FIS</subfield>
  </datafield>
  <datafield tag="952" ind1=" " ind2=" ">
    <subfield code="0">0</subfield>
    <subfield code="1">0</subfield>
    <subfield code="2">ddc</subfield>
    <subfield code="4">0</subfield>
    <subfield code="6">FIS_SOK_1999_000000000000000_B169_OR_5</subfield>
    <subfield code="7">0</subfield>
    <subfield code="9">18888</subfield>
    <subfield code="a">LBB</subfield>
    <subfield code="b">LBB</subfield>
    <subfield code="c">B169</subfield>
    <subfield code="d">2015-11-30</subfield>
    <subfield code="o">FIS SOK 1999 B169 Or.5</subfield>
    <subfield code="p">RUA025818</subfield>
    <subfield code="r">2015-11-30</subfield>
    <subfield code="w">2015-11-30</subfield>
    <subfield code="y">FIS</subfield>
  </datafield>
  <datafield tag="952" ind1=" " ind2=" ">
    <subfield code="0">0</subfield>
    <subfield code="1">0</subfield>
    <subfield code="2">ddc</subfield>
    <subfield code="4">0</subfield>
    <subfield code="6">FIS_SOK_1999_000000000000000_B169_OR_6</subfield>
    <subfield code="7">0</subfield>
    <subfield code="9">18889</subfield>
    <subfield code="a">LBB</subfield>
    <subfield code="b">LBB</subfield>
    <subfield code="c">B169</subfield>
    <subfield code="d">2015-11-30</subfield>
    <subfield code="o">FIS SOK 1999 B169 Or.6</subfield>
    <subfield code="p">RUA025746</subfield>
    <subfield code="r">2015-11-30</subfield>
    <subfield code="w">2015-11-30</subfield>
    <subfield code="y">FIS</subfield>
  </datafield>
  <datafield tag="952" ind1=" " ind2=" ">
    <subfield code="0">0</subfield>
    <subfield code="1">0</subfield>
    <subfield code="2">ddc</subfield>
    <subfield code="4">0</subfield>
    <subfield code="6">FIS_SOK_1999_000000000000000_B169_OR_7</subfield>
    <subfield code="7">0</subfield>
    <subfield code="9">18890</subfield>
    <subfield code="a">LBB</subfield>
    <subfield code="b">LBB</subfield>
    <subfield code="c">B169</subfield>
    <subfield code="d">2015-11-30</subfield>
    <subfield code="o">FIS SOK 1999 B169 Or.7</subfield>
    <subfield code="p">RUA025674</subfield>
    <subfield code="r">2015-11-30</subfield>
    <subfield code="w">2015-11-30</subfield>
    <subfield code="y">FIS</subfield>
  </datafield>
  <datafield tag="952" ind1=" " ind2=" ">
    <subfield code="0">0</subfield>
    <subfield code="1">0</subfield>
    <subfield code="2">ddc</subfield>
    <subfield code="4">0</subfield>
    <subfield code="6">FIS_SOK_1999_000000000000000_B169_OR_8</subfield>
    <subfield code="7">0</subfield>
    <subfield code="9">18891</subfield>
    <subfield code="a">LBB</subfield>
    <subfield code="b">LBB</subfield>
    <subfield code="c">B169</subfield>
    <subfield code="d">2015-11-30</subfield>
    <subfield code="o">FIS SOK 1999 B169 Or.8</subfield>
    <subfield code="p">RUA027215</subfield>
    <subfield code="r">2015-11-30</subfield>
    <subfield code="w">2015-11-30</subfield>
    <subfield code="y">FIS</subfield>
  </datafield>
  <datafield tag="952" ind1=" " ind2=" ">
    <subfield code="0">0</subfield>
    <subfield code="1">0</subfield>
    <subfield code="2">ddc</subfield>
    <subfield code="4">0</subfield>
    <subfield code="6">FIS_SOK_1999_000000000000000_B169_OR_9</subfield>
    <subfield code="7">0</subfield>
    <subfield code="9">18892</subfield>
    <subfield code="a">LBB</subfield>
    <subfield code="b">LBB</subfield>
    <subfield code="c">B169</subfield>
    <subfield code="d">2015-11-30</subfield>
    <subfield code="o">FIS SOK 1999 B169 Or.9</subfield>
    <subfield code="p">RUA027143</subfield>
    <subfield code="r">2015-11-30</subfield>
    <subfield code="w">2015-11-30</subfield>
    <subfield code="y">FIS</subfield>
  </datafield>
  <datafield tag="952" ind1=" " ind2=" ">
    <subfield code="0">0</subfield>
    <subfield code="1">0</subfield>
    <subfield code="2">ddc</subfield>
    <subfield code="4">0</subfield>
    <subfield code="6">FIS_SOK_1999_000000000000000_B169_OR_10</subfield>
    <subfield code="7">0</subfield>
    <subfield code="9">18893</subfield>
    <subfield code="a">LBB</subfield>
    <subfield code="b">LBB</subfield>
    <subfield code="c">B169</subfield>
    <subfield code="d">2015-11-30</subfield>
    <subfield code="o">FIS SOK 1999 B169 Or.10</subfield>
    <subfield code="p">RUA027071</subfield>
    <subfield code="r">2015-11-30</subfield>
    <subfield code="w">2015-11-30</subfield>
    <subfield code="y">FIS</subfield>
  </datafield>
  <datafield tag="952" ind1=" " ind2=" ">
    <subfield code="0">0</subfield>
    <subfield code="1">0</subfield>
    <subfield code="2">ddc</subfield>
    <subfield code="4">0</subfield>
    <subfield code="6">FIS_SOK_1999_000000000000000_B169_OR_11</subfield>
    <subfield code="7">0</subfield>
    <subfield code="9">18894</subfield>
    <subfield code="a">LBB</subfield>
    <subfield code="b">LBB</subfield>
    <subfield code="c">B169</subfield>
    <subfield code="d">2015-11-30</subfield>
    <subfield code="o">FIS SOK 1999 B169 Or.11</subfield>
    <subfield code="p">RUA027359</subfield>
    <subfield code="r">2015-11-30</subfield>
    <subfield code="w">2015-11-30</subfield>
    <subfield code="y">FIS</subfield>
  </datafield>
  <datafield tag="952" ind1=" " ind2=" ">
    <subfield code="0">0</subfield>
    <subfield code="1">0</subfield>
    <subfield code="2">ddc</subfield>
    <subfield code="4">0</subfield>
    <subfield code="6">FIS_SOK_1999_000000000000000_B169_OR_12</subfield>
    <subfield code="7">0</subfield>
    <subfield code="9">19103</subfield>
    <subfield code="a">LBB</subfield>
    <subfield code="b">LBB</subfield>
    <subfield code="c">B169</subfield>
    <subfield code="d">2015-12-01</subfield>
    <subfield code="o">FIS SOK 1999 B169 Or.12</subfield>
    <subfield code="p">RUA025931</subfield>
    <subfield code="r">2015-12-01</subfield>
    <subfield code="w">2015-12-01</subfield>
    <subfield code="y">FIS</subfield>
  </datafield>
</record>
